000
00220nam a2200097Ia 4500
008
240331s9999 xx 000 0 und d
082
_b
VIE
100
_a
Vien, N.K
245
0
_a
Glimpses of vetnamese literature
942
_c
L
999
_c
3389
_d
3389